Available copies
- 1 of 1 copy available at LARL/NWRL Consortium. (Show)
- 1 of 1 copy available at Lake Agassiz Regional Library.
Current holds
0 current holds with 1 total copy.
Show Only Available Copies
| Location | Call Number / Copy Notes | Barcode | Shelving Location | Status | Due Date |
|---|---|---|---|---|---|
| Moorhead Public Library | J LAR (Text) | 33500011806924 | Main | Available | - |
Record details
- ISBN: 9780545416375 (jacketed hardcover)
- ISBN: 054541637X (jacketed hardcover)
- Physical Description: 225 pages ; 22 cm
- Edition: First edition.
- Publisher: New York, N.Y. : Scholastic Press, 2013.
Content descriptions
| Summary, etc.: | In 1944 Hobie Hanson's father is flying B-24s in ... Read More |
Search for related items by subject
| LDR | 02142cam a2200505 i 4500 | ||
|---|---|---|---|
| 001 | 161083 | ||
| 003 | LARL_NWRL_CONSORTIUM | ||
| 005 | 20140123100853.0 | ||
| 008 | 121120s2013 nyu c 000 1 eng c | ||
| 010 | . | ‡a2012046636 | |
| 020 | . | ‡a9780545416375 (jacketed hardcover) | |
| 020 | . | ‡a054541637X (jacketed hardcover) | |
| 035 | . | ‡a(OCoLC)819641624 | |
| 040 | . | ‡aNJQ/DLC ‡beng ‡erda ‡cZQP ‡dDLC ‡dBTCTA ‡dYDXCP ‡dBDX ‡dIUK ‡dVP@ ‡dUPZ | |
| 042 | . | ‡apcc ‡alcac | |
| 043 | . | ‡an-us--- | |
| 050 | 0 | 0. | ‡aPZ7.L32394 ‡bDuk 2013 |
| 082 | 0 | 4. | ‡a[Fic] ‡223 |
| 082 | 0 | 4. | ‡a813.54 ‡223 |
| 100 | 1 | . | ‡aLarson, Kirby. ‡0(LARL_NWRL_CONSORTIUM)111106 |
| 245 | 1 | 0. | ‡aDuke / ‡cKirby Larson. |
| 250 | . | ‡aFirst edition. | |
| 260 | . | ‡aNew York, N.Y. : ‡bScholastic Press, ‡c2013. | |
| 300 | . | ‡a225 pages ; ‡c22 cm | |
| 336 | . | ‡atext ‡2rdacontent | |
| 337 | . | ‡aunmediated ‡2rdamedia | |
| 338 | . | ‡avolume ‡2rdacarrier | |
| 520 | . | ‡aIn 1944 Hobie Hanson's father is flying B-24s in Europe, so Hobie decides to donate his beloved German shepherd, Duke, to Dogs for Defense in the hope that it will help end the war sooner--but when he learns that Duke is being trained for combat he is shocked, frightened and determined to get his dog back. | |
| 650 | 0. | ‡aGerman shepherd dog ‡vJuvenile fiction. | |
| 650 | 0. | ‡aWorld War, 1939-1945 ‡zUnited States ‡vJuvenile fiction. | |
| 650 | 0. | ‡aDogs ‡xWar use ‡vJuvenile fiction. | |
| 650 | 0. | ‡aHuman-animal relationships ‡vJuvenile fiction. ‡0(LARL_NWRL_CONSORTIUM)169688 | |
| 651 | 0. | ‡aUnited States ‡xHistory ‡y1933-1945 ‡vJuvenile fiction. | |
| 650 | 1. | ‡aGerman shepherd dog ‡vFiction. | |
| 650 | 1. | ‡aDogs ‡vFiction. ‡0(LARL_NWRL_CONSORTIUM)164539 | |
| 650 | 1. | ‡aDogs ‡xWar use ‡vFiction. | |
| 650 | 1. | ‡aWorld War, 1939-1945 ‡zUnited States ‡vFiction. ‡0(LARL_NWRL_CONSORTIUM)167975 | |
| 650 | 1. | ‡aHuman-animal relationships ‡vFiction. ‡0(LARL_NWRL_CONSORTIUM)165684 | |
| 651 | 1. | ‡aUnited States ‡xHistory ‡y1933-1945 ‡vFiction. | |
| 948 | . | ‡hNO HOLDINGS IN LAL - 488 OTHER HOLDINGS | |
| 994 | . | ‡aZ0 ‡bLAL | |
| 901 | . | ‡a161083 ‡bOCLC ‡c161083 ‡tbiblio | |

Add to basket
Permalink
Enable Highlighting